Online
Catalog

Reforma curricular en la educación superior / (Record no. 52548)

MARC details
000 -CABECERA
campo de control de longitud fija 01342nam a2200253 a 4500
003 - IDENTIFICADOR DEL NÚMERO DE CONTROL
campo de control DO-SdBNP
005 - FECHA Y HORA DE LA ÚLTIMA TRANSACCIÓN
campo de control 20250123131622.0
007 - CAMPO FIJO DE DESCRIPCIÓN FÍSICA--INFORMACIÓN GENERAL
campo de control de longitud fija ta
008 - DATOS DE LONGITUD FIJA--INFORMACIÓN GENERAL
campo de control de longitud fija 110613s1992 000 spa d
040 ## - FUENTE DE LA CATALOGACIÓN
Centro catalogador/agencia de origen DO-SdBNP
Lengua de catalogación spa
Centro/agencia transcriptor BNPHU
082 ## - NÚMERO DE LA CLASIFICACIÓN DECIMAL DEWEY
Número de edición 22
Número de clasificación xxx
Número de documento/Ítem R332
245 #0 - MENCIÓN DE TÍTULO
Título Reforma curricular en la educación superior /
Mención de responsabilidad, etc. coordinadora Rocío Hernández Mella
250 ## - MENCIÓN DE EDICIÓN
Mención de edición 19 ed.
260 ## - PUBLICACIÓN, DISTRIBUCIÓN, ETC.
Lugar de publicación, distribución, etc. Santo Domingo :
Nombre del editor, distribuidor, etc. CICOM,
Fecha de publicación, distribución, etc. 1992
300 ## - DESCRIPCIÓN FÍSICA
Extensión 70 p.
Dimensiones 23 cm.
490 ## - MENCIÓN DE SERIE
Mención de serie Plan educativo ;
Designación de volumen o secuencia 19
505 ## - NOTA DE CONTENIDO CON FORMATO
Nota de contenido con formato Reforma curricular en la educación superior un caso concreto: la Universidad Autónoma de Santo Domingo / Hilda Paula de Mendoza 3 -- La evaluación curricular en la educación superior. La experiencia del Instituto Tecnológico de Santo Domingo / Altagracia López 17 -- Características de la oferta curricular de la Pontificia Universidad Católica Madre y Maestra innovadora y con miras a contribuir al desarrollo económico del país / Amarilis Pérez de Zapata 37 -- La reforma curricular "a presión": la experiencia de la Universidad Iberoamericana / Miguel Sang Ben 53
590 ## - NOTA LOCAL (RLIN)
Nota local Inventariado, 2022 / DG
650 #4 - PUNTO DE ACCESO ADICIONAL DE MATERIA--TÉRMINO DE MATERIA
Término de materia o nombre geográfico como elemento de entrada Cambio curricular
Subdivisión geográfica República Dominicana
9 (RLIN) 82516
650 #4 - PUNTO DE ACCESO ADICIONAL DE MATERIA--TÉRMINO DE MATERIA
Término de materia o nombre geográfico como elemento de entrada Educación superior
Subdivisión geográfica República Dominicana
700 1# - PUNTO DE ACCESO ADICIONAL--NOMBRE DE PERSONA
Nombre de persona Hernández Mella, Rocio
Término indicativo de función/relación coordinadora
9 (RLIN) 12263
910 ## - DATOS DE OPCIÓN DEL USUARIO (OCLC)
Datos de opción del usuario DG
942 ## - ELEMENTOS DE PUNTO DE ACCESO ADICIONAL (KOHA)
Fuente del sistema de clasificación o colocación Dewey Decimal Classification
Tipo de ítem Koha Libro
Holdings
Estado de retiro Estado de pérdida Fuente del sistema de clasificación o colocación Restricciones de uso No para préstamo Código de colección Localización permanente Ubicación/localización actual Ubicación en estantería Fecha de adquisición Total de préstamos Signatura topográfica completa Código de barras Fecha visto por última vez Precio válido a partir de Tipo de ítem Koha Número de copia
    Dewey Decimal Classification Excluido de préstamo   Patrimonio Dominicano Biblioteca Nacional Pedro Henríquez Ureña Biblioteca Nacional Pedro Henríquez Ureña En catalogación 17.10.2022   xxx R332 2022-4333 17.10.2022 17.10.2022 Libro  
    Dewey Decimal Classification Excluido de préstamo   Patrimonio Dominicano Biblioteca Nacional Pedro Henríquez Ureña Biblioteca Nacional Pedro Henríquez Ureña En catalogación 17.10.2022   xxx R332 2022-4334 17.10.2022 17.10.2022 Libro e.2
    Dewey Decimal Classification Préstamo en sala   Dominicana de Servicio Biblioteca Nacional Pedro Henríquez Ureña Biblioteca Nacional Pedro Henríquez Ureña En catalogación 17.10.2022   xxx R332 2022-4335 17.10.2022 17.10.2022 Libro e.3
    Dewey Decimal Classification Préstamo en sala   Dominicana de Servicio Biblioteca Nacional Pedro Henríquez Ureña Biblioteca Nacional Pedro Henríquez Ureña En catalogación 17.10.2022   xxx R332 2022-4336 17.10.2022 17.10.2022 Libro e.4
    Dewey Decimal Classification Préstamo en sala   Dominicana de Servicio Biblioteca Nacional Pedro Henríquez Ureña Biblioteca Nacional Pedro Henríquez Ureña En catalogación 17.10.2022   xxx R332 2022-4337 17.10.2022 17.10.2022 Libro e.5

Powered by Koha